00930 2200313 4500001002100000005001500021035002000036007000300056040001700059100003300076245008700109250001100196300003600207504002600243020002200269041000800291084001800299090002500317264003300342336002100375337003000396338002300426500002800449650004000477850001000517008004100527990002400568990002400592INLIS00000000000677020260410113625 a0010-0622000105ta aSBPUPADbind0 aTeresia PujayantiePengarang1 aMengajar Sains Yang Menyenangkan Di Dalam Kelas /cTeresia Pujayanti;Editor Mutya, a.-Ed.1 ax+246 hlm. :bilus. ;c16x23 cm abibiliografi, 241 hlm a978-979-29-6741-80 aind a500.076 TER m a500.076 TER m L11 R1 a.--Yogyakarta :bANDI,c2018 2rdacontentaTeks 2rdamediaaTanpa Perantara 2rdacarrieravolume aProfile Penulis,245 hlm 4aLIma puluh tips dan teknik kreaktif aPUPAD260410 0  a33.639/DAU/DPK/2019 a33.640/DAU/DPK/2019